History Quiz

Random History or City Quiz

Which Empire? Modern-Day Cities Quiz Stats

 Plays Quiz Updated Jun 18, 2019

Score 0/25 Timer 05:00
7 Plays Today
Question Answer Wrong Answers
Bishkek, Kyrgyzstan Mongolian
89.8%
Roman
1.2%
Holy Roman
1.4%
None of These
2.4%
Beijing, China Mongolian
87.5%
Roman
0.4%
Holy Roman
0.3%
None of These
6.8%
Kabul, Afghanistan Mongolian
84.1%
Roman
2%
Holy Roman
1.3%
None of These
7.6%
Baku, Azerbaijan Mongolian
81.4%
Roman
5.7%
Holy Roman
2.7%
None of These
5.2%
Athens, Greece Roman
78.8%
Mongolian
0.5%
Holy Roman
9.6%
None of These
5.9%
London, United Kingdom Roman
78.5%
Mongolian
0.1%
Holy Roman
8.4%
None of These
8%
Tunis, Tunisia Roman
78.3%
Mongolian
4.5%
Holy Roman
5.5%
None of These
6.7%
Tripoli, Libya Roman
78.2%
Mongolian
4.2%
Holy Roman
5.7%
None of These
6.9%
Cairo, Egypt Roman
78%
Mongolian
2.9%
Holy Roman
5.4%
None of These
8.5%
N'Djamena, Chad None of These
75%
Roman
13.4%
Mongolian
3.6%
Holy Roman
3%
Islamabad, Pakistan Mongolian
74.9%
Roman
1.9%
Holy Roman
1.4%
None of These
16.7%
Berlin, Germany Holy Roman
72.9%
Roman
18%
Mongolian
0.6%
None of These
3.5%
Lisbon, Portugal Roman
68.2%
Mongolian
0.5%
Holy Roman
17%
None of These
9.2%
Tehran, Iran Mongolian
68%
Roman
6.9%
Holy Roman
3.3%
None of These
16.9%
Prague, Czechia Holy Roman
64.9%
Roman
23.9%
Mongolian
3.5%
None of These
2.7%
Seoul, South Korea Mongolian
61.8%
Roman
0.4%
Holy Roman
0.4%
None of These
32.4%
Taipei, Taiwan None of These
61%
Roman
0.5%
Mongolian
33.1%
Holy Roman
0.4%
Dublin, Ireland None of These
59.1%
Roman
25.9%
Mongolian
0.2%
Holy Roman
9.9%
Riyadh, Saudi Arabia None of These
55.7%
Roman
10.7%
Mongolian
24.9%
Holy Roman
3.7%
Kyiv, Ukraine Mongolian
52.8%
Roman
11.7%
Holy Roman
17.7%
None of These
12.8%
Hanoi, Vietnam None of These
49.9%
Roman
0.5%
Mongolian
44.3%
Holy Roman
0.3%
Amsterdam, Netherlands Holy Roman
48.8%
Roman
31.7%
Mongolian
0.4%
None of These
14%
New Delhi, India None of These
43.8%
Roman
1.2%
Mongolian
49.3%
Holy Roman
0.8%
Copenhagen, Denmark None of These
28.8%
Roman
13.8%
Mongolian
0.7%
Holy Roman
51.8%
Bratislava, Slovakia Roman
26%
Mongolian
6.9%
Holy Roman
56.4%
None of These
5.6%

You're not logged in!

Compare scores with friends on all Sporcle quizzes.
OR
Log In

Sporcle TV

Today on Sporcle TV


Watch our educational content, quiz creation guides, and fun videos on Sporcle TV.

Show Comments

Extras

Top Quizzes Today


Score Distribution

Your Account Isn't Verified!

In order to create a playlist on Sporcle, you need to verify the email address you used during registration. Go to your Sporcle Settings to finish the process.

Report this User

Report this user for behavior that violates our Community Guidelines.

Details: